000 00393nam a22001457a 4500
999 _c5008
_d5008
008 201001b ||||| |||| 00| 0 eng d
082 0 0 _223rd ed.
_a891.73
_bD7248
100 _93995
_aDostoyevsky, Fyodor
245 1 0 _aA Raw Youth /
_cby Fyodor Dostoyevsky
250 _a4th ed.
260 _aLondon:
_b William Heinemann,
_c1956.
300 _a560 p.
650 0 _aRussian fiction
942 _cBK